Introduction to vector analysis (Record no. 31536)

MARC details
000 -LEADER
fixed length control field 00444nam a2200193Ia 4500
020 ## - INTERNATIONAL STANDARD BOOK NUMBER
ISBN 0697059219
050 ## - CALL MARK
Classification number QA 433 .D38/
100 ## - STATEMENT OF RESPONSIBILITY--MAIN AUTHOR NAME
Personal name Davis, Harry F.
245 #0 - TITLE STATEMENT
Title Introduction to vector analysis
250 ## - EDITION / VOLUME STATEMENT
Edition / Volume statement 6th ed.
260 ## - PUBLICATION, DISTRIBUTION, ETC. (IMPRINT)
Place of publication Boston
260 ## - PUBLICATION, DISTRIBUTION, ETC. (IMPRINT)
Name of publisher Brown Pub.
260 ## - PUBLICATION, DISTRIBUTION, ETC. (IMPRINT)
Year of publication c1979
300 ## - PHYSICAL DESCRIPTION
Number of Pages 340 p
650 ## - SUBJECT ADDED ENTRY--TOPICAL TERM
Topical Term Vector analysis.
942 ## - ADDED ENTRY ELEMENTS (KOHA)
Koha item type Books
Holdings
Withdrawn status Lost status Source of classification or shelving scheme Damaged status Not for loan Permanent Location Current Location Date acquired Accession Number Price effective from Koha item type
    Library of Congress Classification     NILE UNIVERSITY OF NIGERIA - MAIN LIBRARY NILE UNIVERSITY OF NIGERIA - MAIN LIBRARY 04/23/2025 0010488 04/23/2025 Books